Social studies for the twenty-first century: Methods and materials for teaching in middle and secondary schools (Record no. 1400126)

MARC details
000 -LEADER
fixed length control field 00649nam a2200205Ia 4500
005 - DATE AND TIME OF LATEST TRANSACTION
control field 20260415173416.0
008 - FIXED-LENGTH DATA ELEMENTS--GENERAL INFORMATION
fixed length control field 008 250505s9999 xx 000 0 eng d
020 ## - INTERNATIONAL STANDARD BOOK NUMBER
International Standard Book Number 978-0-367-45656-7
037 ## - SOURCE OF ACQUISITION
Stock number Reference
040 ## - CATALOGING SOURCE
Original cataloging agency FEDL
Language of cataloging eng
Transcribing agency FEDL
041 ## - LANGUAGE CODE
Language code of text/sound track or separate title eng
Source of code eng
084 ## - COLON CLASSIFICATION NUMBER
Classification number 371.102 ZEV/RR
Assigning agency FEDL
100 ## - MAIN ENTRY--PERSONAL NAME
Personal name Zevin Jack
9 (RLIN) 1234879
245 #0 - TITLE STATEMENT
Title Social studies for the twenty-first century: Methods and materials for teaching in middle and secondary schools
250 ## - EDITION STATEMENT
Edition statement 5
260 ## - PUBLICATION, DISTRIBUTION, ETC.
Place of publication, distribution, etc. London, UK
Name of publisher, distributor, etc. Routledge
Date of publication, distribution, etc. 2023
300 ## - PHYSICAL DESCRIPTION
Extent xv, 298p.
942 ## - ADDED ENTRY ELEMENTS (KOHA)
Koha item type Reference
Classification part 371.102 ZEV/RR
Holdings
Withdrawn status Lost status Damaged status Not for loan Home library Current library Date acquired Total Checkouts Full call number Barcode Date last seen Price effective from Koha item type
        Department of Education Library Department of Education Library 2025-05-08   371.102 ZEV/RR EL0094127 2025-05-08 2025-05-08 Reference
Copyright @ Delhi University Library System